000 01747cam a22004334i 4500
003 PE-LiUPU
005 20250731184543.0
008 150623s1986 miu r 000 0 eng d
035 _a(Sirsi) a27297
040 _aPE-LiUPU
_bspa
_cPE-LiUPU
_erda
082 0 4 _a956.94
_bW79S
_221
100 1 _aWood, Leon James,
_eautor.
245 1 2 _aA survey of Israel's history /
_cLeon James Wood.
264 1 _aMichigan :
_bAcademie Books,
_c1986.
300 _a418 páginas ;
_c24 centímetros
336 _atext
_2rdacontent
337 _aunmediated
_2rdamedia
338 _avolume
_2rdacarrier
505 0 _aIntroduction -- Patriarchal background - Abraham -- Isaac, Jacob, Joseph -- Sojourm and exodus chronology -- Life in egypt -- Israel in the wilderness -- The conquest -- The judges -- King saul - David - Solomon -- The northern kingdom -- The kingdom of Judah -- Exile and return -- Between the testaments..
526 _aP136
526 _aP135
526 _aP134
526 _aP133
526 _aP144
526 _aP143
526 _aP87
526 _aP35
526 _aP20
526 _aP14
526 _aP10
526 _aP06
630 0 4 _aBiblia.
_pA.T.
_xHistoria de los acontecimientos bíblicos.
650 1 4 _aJudíos
_xHistoria
_yHasta el año 70 d.C.
942 _2ddc
_cBOOK
949 _a956.94 W79S
_wDEWEY
_c1
_i52593
_lCCODEBUL1
_mBUL
_p25.00
_r0
_sY
_tBOOK
_u2015-06-24
_xTEOLOGIA
_PP35
_0COMPRA
_o.STAFF. Colección General
596 _a1
999 _a956.94 W79S
_wDEWEY
_c34421
_i52593
_d34421
_e2016-9-27
_f2021-11-11
_g5
_lCCODEBUL1
_mBUL
_n1
_p25.00
_r0
_sY
_tBOOK
_u2015-6-24
_xTEOLOGIA
_PP35
_0COMPRA
_o.STAFF. Colección Teología
980 _81
_gALBERTO SANCHEZ Responsable de Automatización